000 00246 a2200085 4500
020 _a9783038603054
100 _aMatthias Armengaud (Editor)
245 _aTowards Territorial Transition: A Plea to Large Scale Decarbonizing
260 _bPark Books
_c2023
999 _c13340
_d13340